[Event "8th HD Bank Cup 2018"]
[Site "Hanoi VIE"]
[Date "2018.03.12"]
[Round "5.21"]
[White "Nguyen, Duc Hoa"]
[Black "Cao, Sang"]
[Result "1-0"]
[WhiteTitle "GM"]
[BlackTitle "GM"]
[WhiteElo "2463"]
[BlackElo "2381"]
[WhiteFideId "12401358"]
[BlackFideId "725056"]
[EventDate "2018.03.10"]

1. c4 e5 2. Nc3 Nf6 3. e3 d6 4. d4 Nbd7 5. g3 g6 6. Bg2 Bg7 7. Nge2 O-O 8. O-O
Re8 9. Qc2 Nf8 10. Rd1 Qe7 11. e4 c6 12. h3 exd4 13. Nxd4 Ne6 14. Nb3 Nd7 15.
Be3 Ndc5 16. Rd2 a5 17. Rad1 a4 18. Nxc5 dxc5 19. Nxa4 Bd4 20. Re1 Qc7 21. Bxd4
Nxd4 22. Qd1 b6 23. b3 f5 24. b4 Qa7 25. Nxb6 Qxb6 26. bxc5 Qxc5 27. Rxd4 Rxa2
28. Re3 Qa5 29. Qd3 fxe4 30. Rexe4 Rf8 31. Re2 Bf5 32. Rxa2 Qxa2 33. Qe3 Qb1+
34. Kh2 Qb6 35. h4 Qc7 36. c5 Rf6 37. Qe8+ Kg7 38. Rd8 Qf7 39. Qe5 Qe6 40. Qd4
Qe7 41. Rd6 Be6 42. Bxc6 1-0

[Event "8th HD Bank Cup 2018"]
[Site "Hanoi VIE"]
[Date "2018.03.12"]
[Round "5.22"]
[White "Sammed Jaykumar, Shete"]
[Black "Czebe, Attila"]
[Result "1/2-1/2"]
[BlackTitle "GM"]
[WhiteElo "2382"]
[BlackElo "2436"]
[WhiteFideId "5073421"]
[BlackFideId "705268"]
[EventDate "2018.03.10"]

1. e4 g6 2. d4 Bg7 3. Nf3 d6 4. Bc4 e6 5. Qe2 Ne7 6. e5 c5 7. c3 cxd4 8. cxd4
O-O 9. O-O b6 10. Bg5 h6 11. Bf4 Bb7 1/2-1/2

[Event "8th HD Bank Cup 2018"]
[Site "Hanoi VIE"]
[Date "2018.03.12"]
[Round "5.23"]
[White "Li, Yankai"]
[Black "Setyaki, Azarya Jodi"]
[Result "1/2-1/2"]
[BlackTitle "FM"]
[WhiteElo "2434"]
[BlackElo "2331"]
[WhiteFideId "8609357"]
[BlackFideId "7101589"]
[EventDate "2018.03.10"]

1. Nf3 Nf6 2. c4 g6 3. g3 Bg7 4. Bg2 O-O 5. O-O d6 6. d4 Nbd7 7. Nc3 e5 8. e4
exd4 9. Nxd4 Re8 10. h3 a6 11. Be3 Rb8 12. b3 Ne5 13. f4 Ned7 14. Bf2 Nc5 15.
Re1 Ne6 16. a4 Nxd4 17. Bxd4 a5 18. Qc2 Nd7 19. Bf2 c6 20. Rad1 Qc7 21. Rd2 Nc5
22. Red1 1/2-1/2

[Event "8th HD Bank Cup 2018"]
[Site "Hanoi VIE"]
[Date "2018.03.12"]
[Round "5.24"]
[White "Pascua, Haridas"]
[Black "Dang, Hoang Son"]
[Result "1-0"]
[WhiteTitle "IM"]
[BlackTitle "FM"]
[WhiteElo "2431"]
[BlackElo "2317"]
[WhiteFideId "5203953"]
[BlackFideId "12402435"]
[EventDate "2018.03.10"]

1. c4 g6 2. Nf3 Bg7 3. d4 Nf6 4. g3 O-O 5. Bg2 d6 6. O-O Nc6 7. Nc3 Rb8 8. d5
Na5 9. Nd2 c5 10. Qc2 a6 11. b3 b5 12. Rb1 Bd7 13. Bb2 Re8 14. Ba1 e6 15. dxe6
Bxe6 16. cxb5 axb5 17. b4 cxb4 18. Rxb4 Bf5 19. Qd1 Qd7 20. Nb3 Nxb3 21. Qxb3
Be6 22. Qb1 Bc4 23. a4 d5 24. axb5 Qg4 25. Rd1 Bf8 26. e3 Bxb4 27. Qxb4 Red8 28.
Qb2 d4 29. exd4 Rxd4 30. Rc1 Rbd8 31. Nd5 R4xd5 32. Bxd5 Bxd5 33. Qxf6 1-0

[Event "8th HD Bank Cup 2018"]
[Site "Hanoi VIE"]
[Date "2018.03.12"]
[Round "5.25"]
[White "Mithil, Ajgaonkar"]
[Black "Llaneza Vega, Marcos"]
[Result "1-0"]
[BlackTitle "IM"]
[WhiteElo "2222"]
[BlackElo "2430"]
[WhiteFideId "5017343"]
[BlackFideId "2253585"]
[EventDate "2018.03.10"]

1. d4 d6 2. c4 e5 3. Nf3 Nd7 4. g3 g6 5. Bg2 Bg7 6. Nc3 Ne7 7. O-O O-O 8. e4
exd4 9. Nxd4 Ne5 10. b3 a5 11. h3 Bd7 12. Be3 a4 13. Qc2 N7c6 14. Rad1 Nb4 15.
Qe2 axb3 16. axb3 Re8 17. Nd5 Na6 18. f4 Nc6 19. Nb5 Be6 20. Qf2 Bxd5 21. Rxd5
Qf6 22. Rd2 Na5 23. Rb1 Qe7 24. Kh2 Nc6 25. Re2 Nab4 26. Rd1 b6 27. Qe1 h5 28.
Bd2 Nc2 29. Qf2 N2d4 30. e5 h4 31. Nxd4 hxg3+ 32. Kxg3 Nxd4 33. Qxd4 dxe5 34.
fxe5 Rad8 35. Qe4 1-0

[Event "8th HD Bank Cup 2018"]
[Site "Hanoi VIE"]
[Date "2018.03.12"]
[Round "5.26"]
[White "Kathmale, Sameer"]
[Black "Sethuraman, S.P."]
[Result "0-1"]
[WhiteTitle "IM"]
[BlackTitle "GM"]
[WhiteElo "2320"]
[BlackElo "2649"]
[WhiteFideId "5024498"]
[BlackFideId "5021596"]
[EventDate "2018.03.10"]

1. e4 c5 2. Nf3 d6 3. d4 cxd4 4. Nxd4 Nf6 5. Nc3 a6 6. h3 e6 7. g4 Be7 8. g5
Nfd7 9. Be3 b5 10. h4 Bb7 11. a3 Nc6 12. Qd2 O-O 13. O-O-O Nc5 14. Nxc6 Bxc6 15.
f3 Rb8 16. h5 a5 17. g6 b4 18. axb4 axb4 19. Nb1 d5 20. Qh2 h6 21. gxf7+ Rxf7
22. Rg1 Kh8 23. Rg6 Rxf3 24. Bxh6 gxh6 25. Rxh6+ Kg7 26. Rg6+ Kh7 27. Qg2 Qf8
28. Nd2 Rf2 29. Qg1 dxe4 30. Nc4 b3 31. Rxe6 Nxe6 32. Qg6+ Kh8 33. Qxe6 0-1

[Event "8th HD Bank Cup 2018"]
[Site "Hanoi VIE"]
[Date "2018.03.12"]
[Round "5.27"]
[White "Liu, Guanchu"]
[Black "Pham, Le Thao Nguyen"]
[Result "1-0"]
[WhiteTitle "IM"]
[BlackTitle "IM"]
[WhiteElo "2460"]
[BlackElo "2354"]
[WhiteFideId "8603901"]
[BlackFideId "12401226"]
[EventDate "2018.03.10"]

1. e4 c5 2. Nf3 e6 3. d4 cxd4 4. Nxd4 a6 5. Nc3 Qc7 6. Bd3 Nf6 7. f4 d6 8. Qe2
Nbd7 9. g4 Nc5 10. g5 Nfd7 11. Bd2 b5 12. b4 Nxd3+ 13. cxd3 Bb7 14. Rc1 Rc8 15.
O-O Qb8 16. f5 e5 17. Ne6 Bc6 18. Be3 1-0

[Event "8th HD Bank Cup 2018"]
[Site "Hanoi VIE"]
[Date "2018.03.12"]
[Round "5.28"]
[White "Tokhirjonova, Gulrukhbegim"]
[Black "Laxman, R.R."]
[Result "1-0"]
[WhiteTitle "WGM"]
[BlackTitle "GM"]
[WhiteElo "2318"]
[BlackElo "2457"]
[WhiteFideId "14203626"]
[BlackFideId "5005361"]
[EventDate "2018.03.10"]

1. e4 e5 2. Nf3 Nc6 3. d4 exd4 4. Nxd4 Nf6 5. Nxc6 bxc6 6. e5 Qe7 7. Qe2 Nd5 8.
c4 Nb6 9. Nc3 Qe6 10. Qe4 g6 11. Bf4 Bb4 12. Bd2 O-O 13. O-O-O a5 14. a3 Bxc3
15. Bxc3 d5 16. Qe1 a4 17. c5 Nd7 18. Bd4 Re8 19. f4 f5 20. h3 Ba6 21. Bxa6 Rxa6
22. g4 Raa8 23. Qf2 Rab8 24. Rdg1 Rf8 25. g5 Rb5 26. Kb1 Rfb8 27. h4 Rb3 28. h5
Nf8 29. Ka1 Rd3 30. hxg6 hxg6 31. Rh6 Kf7 32. Rgh1 Ke8 33. Rh8 Rbb3 34. R1h7 1-0

[Event "8th HD Bank Cup 2018"]
[Site "Hanoi VIE"]
[Date "2018.03.12"]
[Round "5.29"]
[White "Raja, Harshit"]
[Black "Kunal, M."]
[Result "1-0"]
[WhiteTitle "IM"]
[WhiteElo "2444"]
[BlackElo "2340"]
[WhiteFideId "5089000"]
[BlackFideId "5018250"]
[EventDate "2018.03.10"]

1. e4 e5 2. Nf3 Nc6 3. Bb5 a6 4. Ba4 Nf6 5. O-O b5 6. Bb3 Bc5 7. c3 d6 8. d4 Bb6
9. a4 Rb8 10. axb5 axb5 11. Na3 O-O 12. Nxb5 Bg4 13. Bc2 exd4 14. Nbxd4 Nxd4 15.
cxd4 Bxf3 16. gxf3 Nh5 17. Kh1 Qf6 18. Be3 c5 19. e5 Qe6 20. exd6 cxd4 21. Bxd4
Qxd6 22. Bc3 Qc5 23. Qd7 Rfd8 24. Qg4 g6 25. Rae1 Bc7 26. Rg1 Re8 27. Qd7 Red8
28. Qg4 Re8 29. Qa4 Red8 30. Qh4 Re8 31. Rxe8+ Rxe8 32. Rg5 Bd8 33. Rxc5 Bxh4
34. Rc7 Ra8 35. b4 Bd8 36. Rc6 Nf4 37. b5 Ne2 38. Bb2 Ba5 39. b6 1-0

[Event "8th HD Bank Cup 2018"]
[Site "Hanoi VIE"]
[Date "2018.03.12"]
[Round "5.30"]
[White "Dimakiling, Oliver"]
[Black "Kulkarni, Bhakti"]
[Result "1/2-1/2"]
[WhiteTitle "IM"]
[BlackTitle "CM"]
[WhiteElo "2441"]
[BlackElo "2275"]
[WhiteFideId "5202248"]
[BlackFideId "5019516"]
[EventDate "2018.03.10"]

1. Nf3 d5 2. d4 Nf6 3. e3 Bg4 4. Nbd2 e6 5. Bd3 c5 6. c3 Nc6 7. O-O Qc7 8. a3
cxd4 9. cxd4 Bd6 10. h3 Bh5 11. b4 O-O 12. Bb2 Rac8 13. Rc1 Qb8 14. Qe2 a6 15.
e4 dxe4 16. Nxe4 Nxe4 17. Bxe4 Ne7 18. Rc5 Bxc5 19. dxc5 f6 20. g4 Bf7 21. Nd2
b6 22. Bd4 Rfd8 23. Nf3 e5 24. Be3 b5 25. Rc1 Bg6 26. Nd2 f5 27. gxf5 Nxf5 28.
Bg5 Rf8 29. Qg4 Qc7 30. Re1 Rce8 31. h4 Qf7 32. Qg2 Ne7 33. Bb7 h6 34. Be3 Qf6
35. Ne4 Qxh4 36. Nd6 Rd8 37. Bxa6 Bd3 38. Bd2 Rf6 39. Re3 Rg6 40. Rg3 Rxg3 41.
Qxg3 Qxg3+ 42. fxg3 e4 43. Bb7 Rd7 44. Kf2 g5 45. g4 Kf8 46. Ke3 h5 47. Bxe4
Bxe4 48. Kxe4 hxg4 49. Bxg5 Nc6 50. Kf4 Nd4 51. Kxg4 Re7 52. Bc1 1/2-1/2

[Event "8th HD Bank Cup 2018"]
[Site "Hanoi VIE"]
[Date "2018.03.12"]
[Round "5.31"]
[White "Nandhidhaa, PV"]
[Black "Vo, Thi Kim Phung"]
[Result "1-0"]
[WhiteTitle "WIM"]
[BlackTitle "WGM"]
[WhiteElo "2261"]
[BlackElo "2425"]
[WhiteFideId "5050847"]
[BlackFideId "12401838"]
[EventDate "2018.03.10"]

1. e4 e6 2. d4 d5 3. Nd2 Nf6 4. e5 Nfd7 5. Bd3 c5 6. c3 Nc6 7. Ne2 Be7 8. O-O
Qb6 9. Nf3 h6 10. a3 a5 11. Be3 a4 12. Rb1 Qa5 13. Bd2 Qb6 14. Be3 Qa5 15. Bd2
Qc7 16. Ng3 Nb6 17. Qe2 Na5 18. dxc5 Bxc5 19. Nh5 g6 20. Nf6+ Kf8 21. Nd4 Nbc4
22. Bf4 Be7 23. Bg3 Qd8 24. Bh4 Qb6 25. Kh1 Nc6 26. Nxc6 Qxc6 27. Bxc4 dxc4 28.
Rbd1 b5 29. f3 Ra7 30. Rd2 Rc7 31. Rfd1 Kg7 32. Bf2 Rf8 33. Be3 Rh8 34. Qf2 Rb7
35. Qg3 Rc7 36. h4 h5 37. Qf4 Ba6 38. Rd7 Bc8 39. Rd8 Bf8 40. Ne8+ Kg8 41. Qf6
Kh7 42. Rxc8 1-0

[Event "8th HD Bank Cup 2018"]
[Site "Hanoi VIE"]
[Date "2018.03.12"]
[Round "5.32"]
[White "Raghunandan, Kaumandur Srihari"]
[Black "Abelgas, Roel"]
[Result "1-0"]
[WhiteTitle "IM"]
[BlackTitle "FM"]
[WhiteElo "2412"]
[BlackElo "2273"]
[WhiteFideId "25004964"]
[BlackFideId "5200970"]
[EventDate "2018.03.10"]

1. d4 d5 2. Nf3 Nf6 3. c4 c6 4. e3 e6 5. b3 Bd6 6. Bb2 O-O 7. Bd3 Ne4 8. O-O f5
9. Nbd2 Nd7 10. Ne5 Qe7 11. a3 a5 12. f4 Ndf6 13. Ndf3 Bd7 14. c5 Bc7 15. b4 b6
16. b5 bxc5 17. bxc6 Bc8 18. dxc5 Nxc5 19. Bb5 a4 20. Bc3 Nb3 21. Ra2 Qc5 22.
Qd3 Qb6 23. Bb4 Re8 24. Re1 Ne4 25. Rc2 Nbc5 26. Qe2 Na6 27. Nd7 Qa7 28. Nfe5
Nxb4 29. axb4 a3 30. Bd3 Qa4 31. Bxe4 fxe4 32. b5 Qb4 33. Ra1 Re7 34. Rcc1 a2
35. Rxa2 Rxa2 36. Qxa2 Qxb5 37. Rb1 Qa5 38. Qxa5 Bxa5 39. Rb8 Re8 40. Nb6 Bxb6
41. Rxb6 Kf8 42. Rb7 Re7 43. Nd7+ Ke8 44. Rb8 Kd8 45. Ra8 g5 46. Nb6 Rc7 47.
Nxc8 Rxc8 48. Rxc8+ Kxc8 1-0

[Event "8th HD Bank Cup 2018"]
[Site "Hanoi VIE"]
[Date "2018.03.12"]
[Round "5.33"]
[White "Akshat, Khamparia"]
[Black "Anand, Nadar"]
[Result "0-1"]
[WhiteTitle "IM"]
[BlackTitle "FM"]
[WhiteElo "2408"]
[BlackElo "2262"]
[WhiteFideId "5016541"]
[BlackFideId "25009141"]
[EventDate "2018.03.10"]

1. d4 Nf6 2. c4 g6 3. Nc3 d5 4. Nf3 Bg7 5. cxd5 Nxd5 6. Bg5 h6 7. Bh4 Nxc3 8.
bxc3 c5 9. e3 O-O 10. Be2 Nc6 11. O-O cxd4 12. cxd4 Be6 13. Qd2 Rc8 14. Qb2 Bd5
15. Rfd1 Qa5 16. Bg3 Rfd8 17. a3 b6 18. Rac1 e6 19. Nd2 Bf8 20. Ra1 Ne7 21. Be5
Bb7 22. Nc4 Qa4 23. Nd6 Rc2 24. Qb5 Bc6 25. Qd3 Nd5 26. Ne4 f5 27. Rd2 Nb4 28.
Nf6+ Kf7 29. axb4 Qxa1+ 30. Rd1 Rc1 0-1

[Event "8th HD Bank Cup 2018"]
[Site "Hanoi VIE"]
[Date "2018.03.12"]
[Round "5.34"]
[White "Vogt, Lothar"]
[Black "Piasetski, Leon"]
[Result "1/2-1/2"]
[WhiteTitle "GM"]
[BlackTitle "IM"]
[WhiteElo "2402"]
[BlackElo "2258"]
[WhiteFideId "4611292"]
[BlackFideId "2600072"]
[EventDate "2018.03.10"]

1. e4 c5 2. Nf3 Nc6 3. d4 cxd4 4. Nxd4 Qb6 5. Nb3 Nf6 6. Nc3 e6 7. Qe2 Bb4 8.
Bd2 O-O 9. a3 Be7 10. O-O-O Qc7 11. g4 d5 12. g5 Nxe4 13. Nxe4 dxe4 14. Bg2 e5
15. Bxe4 Be6 16. Kb1 Rad8 17. h4 Nd4 18. Nxd4 Rxd4 19. Bc3 Rxd1+ 20. Rxd1 f5 21.
Bxb7 e4 22. Qa6 Bf7 23. Bd5 Bc5 24. Qc4 Bb6 25. Qxc7 Bxc7 26. Bb4 Rd8 27. Bxf7+
Kxf7 28. Rxd8 Bxd8 29. Bc5 Kg6 30. Bxa7 Kh5 31. c4 Kxh4 32. c5 f4 33. Kc2 Kg4
34. Bb6 e3 35. Kd1 Bxg5 36. fxe3 f3 37. c6 Kg3 38. e4 Bf4 39. c7 Bxc7 40. Bxc7+
Kg2 41. Bb6 g5 42. e5 g4 43. e6 g3 44. e7 f2 45. e8=Q f1=Q+ 1/2-1/2

[Event "8th HD Bank Cup 2018"]
[Site "Hanoi VIE"]
[Date "2018.03.12"]
[Round "5.36"]
[White "Taher, Yoseph Theolifus"]
[Black "Dixit, Nikhil"]
[Result "1-0"]
[WhiteTitle "FM"]
[WhiteElo "2375"]
[BlackElo "2251"]
[WhiteFideId "7105347"]
[BlackFideId "5059534"]
[EventDate "2018.03.10"]

1. e4 g6 2. d4 Bg7 3. Nc3 c6 4. f4 d5 5. e5 Nh6 6. Be2 f6 7. Nf3 Bg4 8. Be3 O-O
9. O-O Nf5 10. Bf2 Bh6 11. g3 Na6 12. Bxa6 bxa6 13. Qd3 Qb6 14. Nd2 fxe5 15.
dxe5 d4 16. Nc4 Qd8 17. Ne4 Qd5 18. Ncd2 g5 19. fxg5 Bg7 1-0

[Event "8th HD Bank Cup 2018"]
[Site "Hanoi VIE"]
[Date "2018.03.12"]
[Round "5.37"]
[White "Sharma, Dinesh K."]
[Black "Zhang, Ziji"]
[Result "1-0"]
[WhiteTitle "IM"]
[WhiteElo "2247"]
[BlackElo "2374"]
[WhiteFideId "5004110"]
[BlackFideId "8609470"]
[EventDate "2018.03.10"]

1. e4 e5 2. Nf3 Nc6 3. d4 exd4 4. Nxd4 Bc5 5. Nb3 Bb6 6. Nc3 Nf6 7. Qe2 O-O 8.
Be3 Re8 9. f3 Na5 10. O-O-O Nxb3+ 11. axb3 c6 12. Kb1 Bxe3 13. Qxe3 b5 14. Qc5
a5 15. e5 b4 16. Na4 Nd5 17. Bc4 Rxe5 18. Bxd5 cxd5 19. Rxd5 Re2 20. Rhd1 Ra6
21. Qb5 Qe8 22. Nb6 Re6 23. Nxc8 Qxc8 24. Rxd7 Ra8 25. Qd5 h6 26. f4 Qe8 27.
Rxf7 Qxf7 28. Qxa8+ Kh7 29. Qd5 Qf6 30. g4 Re8 31. f5 Re5 32. Qa8 h5 33. Rd8 Kh6
34. h4 Re1+ 35. Ka2 Qxh4 36. Rh8+ 1-0

[Event "8th HD Bank Cup 2018"]
[Site "Hanoi VIE"]
[Date "2018.03.12"]
[Round "5.38"]
[White "Raja, Rithvik R"]
[Black "Abhishek, Kelkar"]
[Result "1/2-1/2"]
[WhiteTitle "FM"]
[BlackTitle "IM"]
[WhiteElo "2227"]
[BlackElo "2370"]
[WhiteFideId "35007394"]
[BlackFideId "5019257"]
[EventDate "2018.03.10"]

1. Nf3 Nf6 2. c4 g6 3. Nc3 Bg7 4. g3 O-O 5. Bg2 d6 6. d4 c6 7. O-O Qa5 8. e4 e5
9. h3 Nbd7 10. Re1 exd4 11. Nxd4 Ne5 12. Bf1 Re8 13. Be3 Be6 14. Nxe6 Rxe6 15.
Kg2 Rae8 16. Rb1 a6 17. b4 Qc7 18. Qc2 d5 19. cxd5 cxd5 20. Rbc1 dxe4 1/2-1/2

[Event "8th HD Bank Cup 2018"]
[Site "Hanoi VIE"]
[Date "2018.03.12"]
[Round "5.39"]
[White "Vo, Thanh Ninh"]
[Black "Luong, Phuong Hanh"]
[Result "1-0"]
[WhiteTitle "IM"]
[BlackTitle "WIM"]
[WhiteElo "2370"]
[BlackElo "2192"]
[WhiteFideId "12402141"]
[BlackFideId "12401013"]
[EventDate "2018.03.10"]

1. g3 Nf6 2. Bg2 d5 3. Nf3 g6 4. O-O Bg7 5. d3 O-O 6. Nbd2 Nc6 7. e4 e5 8. Re1
Re8 9. exd5 Nxd5 10. c3 a5 11. a4 Nf6 12. Nc4 e4 13. dxe4 Qxd1 14. Rxd1 Rxe4 15.
Nd4 Nxd4 16. cxd4 Re8 17. Bd2 Ne4 18. Bxa5 c6 19. Bc7 b5 20. Ne5 Ra7 21. Bb8 Rb7
22. Bxe4 Rxb8 23. Bxc6 Re7 24. Bxb5 Bb7 25. f4 g5 26. fxg5 Bxe5 27. dxe5 Rxe5
28. h4 Re3 29. Ra3 Re4 30. Rc3 Kg7 31. Kf2 Rb4 32. b3 Re4 33. Rd6 Ba8 34. Rc7
Re5 35. g4 1-0

[Event "8th HD Bank Cup 2018"]
[Site "Hanoi VIE"]
[Date "2018.03.12"]
[Round "5.40"]
[White "Quizon, Daniel"]
[Black "Xu, Zhihang"]
[Result "0-1"]
[BlackTitle "FM"]
[WhiteElo "2204"]
[BlackElo "2364"]
[WhiteFideId "5217911"]
[BlackFideId "8611572"]
[EventDate "2018.03.10"]

1. e4 c5 2. Nc3 Nc6 3. g3 g6 4. Bg2 Bg7 5. d3 e6 6. Nge2 Nge7 7. Be3 Nd4 8. O-O
O-O 9. Rb1 Nec6 10. a3 a5 11. f4 d6 12. Qd2 a4 13. Nd1 Qa5 14. c3 Nb3 15. Qc2
Bd7 16. Nc1 Nxc1 17. Bxc1 Rac8 18. Ne3 b5 19. f5 exf5 20. exf5 Nd4 21. cxd4 cxd4
22. Qe2 dxe3 23. fxg6 hxg6 24. Bxe3 Rfe8 25. Qf2 Bf5 26. Bd4 Bxd4 27. Qxd4 Re2
28. Bf3 Rd2 29. Rbd1 0-1

[Event "8th HD Bank Cup 2018"]
[Site "Hanoi VIE"]
[Date "2018.03.12"]
[Round "5.41"]
[White "Chen, Qi b"]
[Black "Pratyusha, Bodda"]
[Result "1-0"]
[BlackTitle "WIM"]
[WhiteElo "2359"]
[BlackElo "2164"]
[WhiteFideId "8614733"]
[BlackFideId "5000629"]
[EventDate "2018.03.10"]

1. e4 e5 2. Nf3 Nc6 3. Bb5 a6 4. Ba4 Nf6 5. O-O Nxe4 6. d4 b5 7. Bb3 d5 8. dxe5
Be6 9. Nbd2 Nc5 10. c3 Be7 11. Bc2 d4 12. Nb3 d3 13. Nxc5 dxc2 14. Qxd8+ Rxd8
15. Nxe6 fxe6 16. Be3 Rd5 17. Rfc1 Nxe5 18. Nxe5 Rxe5 19. Rxc2 Kf7 20. a4 Rd8
21. Kf1 Rd7 22. axb5 axb5 23. g3 Bc5 24. Bxc5 Rxc5 25. Re2 Rcd5 26. Ra6 R5d6 27.
Ra5 c6 28. Ra6 Rd1+ 29. Re1 R1d6 30. Rb6 Ra7 31. Re3 Ke7 32. Kg2 Ra2 33. b4 Ra7
34. h4 Rad7 35. g4 g6 36. g5 Rc7 37. Rb8 Rd5 38. Kg3 Kd6 39. f3 Rf7 40. Re8 Re7
41. Rd8+ Rd7 42. Rf8 Rf5 43. Re8 Re7 44. Rd8+ Rd7 45. Rxd7+ Kxd7 46. Re1 Rf7 47.
f4 Kd6 48. Rd1+ Kc7 49. Kg4 Rd7 50. Re1 Kd6 51. h5 Ke7 52. h6 Rc7 53. Ra1 Kd6
54. Ra8 Rf7 55. Rd8+ Kc7 56. Rg8 Kd6 57. Rg7 Ke7 58. Kf3 Kf8 59. Ke4 Rxg7 60.
hxg7+ Kxg7 61. Ke5 h5 62. gxh6+ Kxh6 63. Kxe6 Kh5 64. f5 gxf5 65. Kxf5 1-0

[Event "8th HD Bank Cup 2018"]
[Site "Hanoi VIE"]
[Date "2018.03.12"]
[Round "5.42"]
[White "Sihite, Chelsie Monica Ignesias"]
[Black "Gara, Ticia"]
[Result "1/2-1/2"]
[WhiteTitle "WIM"]
[BlackTitle "WGM"]
[WhiteElo "2189"]
[BlackElo "2357"]
[WhiteFideId "7101198"]
[BlackFideId "717444"]
[EventDate "2018.03.10"]

1. e4 c5 2. Nf3 Nc6 3. Bb5 e6 4. O-O Nge7 5. b3 d6 6. d4 cxd4 7. Nxd4 a6 8. Be2
Nxd4 9. Qxd4 Nc6 10. Qe3 Be7 11. Qd2 O-O 12. c4 Bf6 13. Nc3 Bd4 14. Bb2 e5 15.
Rad1 Be6 16. Kh1 Qh4 17. f4 exf4 18. Qxf4 Qxf4 19. Rxf4 Be5 20. Rf2 Nd4 21. Bd3
Nc6 22. Na4 Rad8 23. h3 f6 24. Ba3 Bf7 25. Rff1 Rfe8 26. Nb6 Bd4 27. Nd5 Bc5 28.
Bb2 Nb4 29. Nxb4 Bxb4 30. a3 Bc5 31. b4 Bb6 32. g4 Rc8 33. Rc1 Bg6 34. Rfe1 Bf2
35. Re2 Bg3 36. a4 Bf4 37. Rcc2 Rc7 38. Bd4 Rce7 39. Bf2 h5 40. Kg2 hxg4 41.
hxg4 Kf7 42. a5 Rh8 43. Bg3 Bxg3 44. Kxg3 Rh1 45. Rcd2 1/2-1/2

[Event "8th HD Bank Cup 2018"]
[Site "Hanoi VIE"]
[Date "2018.03.12"]
[Round "5.43"]
[White "Nguyen, Anh Dung"]
[Black "Nguyen, Hoang Nam"]
[Result "1-0"]
[WhiteTitle "GM"]
[BlackTitle "CM"]
[WhiteElo "2491"]
[BlackElo "2188"]
[WhiteFideId "12400025"]
[BlackFideId "12402133"]
[EventDate "2018.03.10"]

1. e4 Nc6 2. d4 d5 3. Nc3 dxe4 4. d5 Ne5 5. Bf4 Ng6 6. Bg3 a6 7. h4 e5 8. dxe6
Bxe6 9. h5 N6e7 10. Nxe4 Nf5 11. Qxd8+ Rxd8 12. Bxc7 Rd7 13. Be5 Bd5 14. Nc3 Bc6
15. Nge2 Ngh6 16. Rd1 Bc5 17. Rxd7 Kxd7 18. f3 Re8 19. Bf4 Kc8 20. Kd2 b5 21.
Nc1 Be3+ 22. Bxe3 Nxe3 23. Nd1 Rd8+ 24. Nd3 Nc4+ 25. Kc1 Nf5 26. b3 Ng3 27. Rh3
Nxf1 28. bxc4 bxc4 29. Ne5 Bd5 30. Rh4 Kb7 31. Rd4 Ng3 32. Nc3 f6 33. Nxc4 1-0

[Event "8th HD Bank Cup 2018"]
[Site "Hanoi VIE"]
[Date "2018.03.12"]
[Round "5.44"]
[White "Duong, The Anh"]
[Black "Liu, Zhaoqi"]
[Result "1/2-1/2"]
[WhiteTitle "IM"]
[WhiteElo "2327"]
[BlackElo "2133"]
[WhiteFideId "12401277"]
[BlackFideId "8609381"]
[EventDate "2018.03.10"]

1. d4 Nf6 2. c4 c5 3. d5 e6 4. Nc3 exd5 5. cxd5 d6 6. e4 g6 7. f4 Bg7 8. Bb5+
Nfd7 9. Nf3 O-O 10. O-O a6 11. Bd3 b5 12. Re1 Re8 13. h3 Bb7 14. Be3 Nb6 15. a3
N8d7 16. Qd2 Rc8 17. Bf2 Qc7 18. Rac1 Qb8 1/2-1/2

[Event "8th HD Bank Cup 2018"]
[Site "Hanoi VIE"]
[Date "2018.03.12"]
[Round "5.45"]
[White "Le, Minh Hoang"]
[Black "Gomes, Mary Ann"]
[Result "1/2-1/2"]
[WhiteTitle "CM"]
[BlackTitle "WGM"]
[WhiteElo "2184"]
[BlackElo "2318"]
[WhiteFideId "12404683"]
[BlackFideId "5013623"]
[EventDate "2018.03.10"]

1. Nf3 c5 2. e4 d6 3. Bb5+ Nd7 4. O-O a6 5. Bd3 Ngf6 6. c3 e5 7. Bc2 Be7 8. d4
O-O 9. Re1 Re8 10. Nbd2 Qc7 11. Nf1 Nf8 12. Ne3 g6 13. dxe5 dxe5 14. Nc4 b5 15.
Ncxe5 Bd6 16. Nd3 Nxe4 17. Nf4 Bb7 18. Bxe4 Rxe4 19. Rxe4 Bxe4 20. Nd5 Qd8 21.
Bg5 Bxf3 22. Bxd8 Bxd1 23. Be7 Bf3 24. gxf3 Bxe7 25. Nxe7+ Kg7 26. a4 b4 27.
cxb4 cxb4 28. a5 Ne6 29. Nc6 b3 30. Rd1 Rc8 31. Nb4 Rc5 32. Ra1 Nc7 33. Kf1 Rb5
34. Nc6 Ne6 35. Ke2 Rc5 36. Nb4 Nd4+ 37. Kd3 Nc2 38. Ra4 Nxb4+ 39. Rxb4 1/2-1/2

[Event "8th HD Bank Cup 2018"]
[Site "Hanoi VIE"]
[Date "2018.03.12"]
[Round "5.46"]
[White "Nitish, Belurkar"]
[Black "Doan, Van Duc"]
[Result "1/2-1/2"]
[WhiteTitle "FM"]
[WhiteElo "2293"]
[BlackElo "2112"]
[WhiteFideId "5084768"]
[BlackFideId "12400335"]
[EventDate "2018.03.10"]

1. e4 c5 2. c3 d5 3. exd5 Qxd5 4. d4 Nf6 5. Nf3 cxd4 6. cxd4 Bg4 7. Be2 e6 8. h3
Bh5 9. Nc3 Qa5 10. O-O Nc6 11. a3 Nd5 12. Bd2 Be7 13. b4 Nxc3 14. Bxc3 Qd5 15.
g4 Bg6 16. b5 Nd8 17. Ne5 Rc8 18. Qe1 f6 19. Nd3 Bd6 20. f4 O-O 21. Nb4 Qb3 22.
Rf3 Bxf4 23. d5 Bd6 24. Bd4 Bxb4 25. Rxb3 Bxe1 26. Rxe1 exd5 27. Bf3 Be4 28.
Bxe4 dxe4 29. Rxe4 Rc4 30. Rb4 Rxb4 31. axb4 b6 32. Re7 Rf7 33. Re8+ Rf8 1/2-1/2

[Event "8th HD Bank Cup 2018"]
[Site "Hanoi VIE"]
[Date "2018.03.12"]
[Round "5.47"]
[White "Lee, Jun Hyeok"]
[Black "Snehal, Bhosale"]
[Result "1/2-1/2"]
[WhiteTitle "FM"]
[WhiteElo "2286"]
[BlackElo "2105"]
[WhiteFideId "13202340"]
[BlackFideId "5021995"]
[EventDate "2018.03.10"]

1. Nf3 d5 2. e3 Nf6 3. c4 c6 4. Nc3 a6 5. d4 b5 6. b3 Bf5 7. Bd3 e6 8. O-O Be7
9. a4 b4 10. Ne2 Ne4 11. Ng3 O-O 12. Qc2 Nxg3 13. hxg3 Bxd3 14. Qxd3 Nd7 15.
cxd5 cxd5 16. Ne5 Bd6 17. Nxd7 Qxd7 18. Bd2 Rfc8 19. Rfc1 Qb7 20. Kf1 f5 21. Ke2
Rxc1 22. Rxc1 1/2-1/2